[Event "Lvov Buturina Memorial 2nd"]
[Site "Lvov"]
[Date "2022.11.19"]
[Round "5"]
[White "Polulikh, Bogdan"]
[Black "Zaharchyn, Andriyan"]
[Result "1-0"]
[WhiteElo "2322"]
[BlackElo "1558"]
[PlyCount "113"]
[EventDate "2022.11.18"]
[EventType "swiss (rapid)"]
[EventRounds "9"]
[EventCountry "UKR"]
[SourceTitle "CBM 212 Extra"]
[Source "ChessBase"]
[SourceDate "2023.03.31"]
[SourceVersion "1"]
[SourceVersionDate "2023.03.31"]
[SourceQuality "1"]

1. e4 e6 2. d4 d5 3. Nd2 dxe4 4. Nxe4 Nd7 5. g3 Ngf6 6. Nxf6+ Nxf6 7. Bg2 c5 8. Ne2 cxd4 9. Qxd4 Qxd4 10. Nxd4 Bc5 11. Nb3 Bb6 12. c4 0-0 13. 0-0 e5 14. c5 Bc7 15. Bd2 Rb8 16. Bc3 Be6 17. Rad1 Nd7 18. Bd5 Bxd5 19. Rxd5 Nf6 20. Rd3 Ne4 21. Bb4 Rbd8 22. Rfd1 Rxd3 23. Rxd3 Rd8 24. Rxd8+ Bxd8 25. Nd2 Nxd2 26. Bxd2 f6 27. Kf1 Kf7 28. Ke2 Ke6 29. Kd3 Kd5 30. b4 a5 31. a3 axb4 32. axb4 b6 33. cxb6 Bxb6 34. Be3 Bd8 35. b5 Ba5 36. f3 Bb4 37. b6 Kc6 38. g4 Ba5 39. Ke4 Bxb6 40. Bxb6 Kxb6 41. Kd5 g6 42. h4 Kb5 43. g5 f5 44. Kxe5 Kc4 45. Kf6 Kd4 46. Kg7 Ke3 47. Kxh7 Kxf3 48. h5 gxh5 49. g6 f4 50. g7 Kf2 51. g8Q f3 52. Kh6 Ke2 53. Qc4+ Kf2 54. Kg5 Kg1 55. Kf4 f2 56. Qd4 Kh1 57. Qxf2 1-0

[Event "Lvov Vasylyshyn Memorial-A 18th"]
[Site "Lvov"]
[Date "2021.12.09"]
[Round "6"]
[White "Polulikh, Bogdan"]
[Black "Secheres, Adrian Simion"]
[Result "1-0"]
[WhiteElo "2297"]
[BlackElo "2377"]
[PlyCount "75"]
[EventDate "2021.12.04"]
[EventType "tourn"]
[EventRounds "9"]
[EventCountry "UKR"]
[EventCategory "6"]
[SourceTitle "CBM 205 Extra"]
[Source "ChessBase"]
[SourceDate "2022.01.31"]
[SourceVersion "1"]
[SourceVersionDate "2022.01.31"]
[SourceQuality "1"]

1. d4 Nf6 2. Nf3 g6 3. c4 Bg7 4. Nc3 0-0 5. e4 d6 6. Be2 Nbd7 7. 0-0 e5 8. Re1 Re8 9. dxe5 dxe5 10. Rb1 a5 11. Qc2 c6 12. h3 Nc5 13. Be3 Qe7 14. a3 Nh5 15. b4 axb4 16. axb4 Ne6 17. Na4 Nd4 18. Bxd4 exd4 19. Nb6 Ra3 20. Nxc8 Rxc8 21. e5 Rd8 22. Qb2 Raa8 23. Bf1 Nf4 24. Rbd1 Ra4 25. c5 d3 26. Re4 Ne6 27. Rxd3 Nxc5 28. Rxd8+ Qxd8 29. Rd4 Qb6 30. Bc4 Ra8 31. Qd2 Ne6 32. Bxe6 fxe6 33. Rd7 c5 34. Rxg7+ Kxg7 35. Qd7+ Kh6 36. g4 g5 37. Qf7 Qd8 38. h4 1-0

[Event "Lvov Vasylyshyn Memorial-A 18th"]
[Site "Lvov"]
[Date "2021.12.08"]
[Round "5"]
[White "Plichta, Kamil"]
[Black "Polulikh, Bogdan"]
[Result "1/2-1/2"]
[WhiteElo "2399"]
[BlackElo "2297"]
[PlyCount "83"]
[EventDate "2021.12.04"]
[EventType "tourn"]
[EventRounds "9"]
[EventCountry "UKR"]
[EventCategory "6"]
[SourceTitle "CBM 205 Extra"]
[Source "ChessBase"]
[SourceDate "2022.01.31"]
[SourceVersion "1"]
[SourceVersionDate "2022.01.31"]
[SourceQuality "1"]

1. c4 Nf6 2. Nc3 e6 3. d4 Bb4 4. Nf3 0-0 5. Bg5 c5 6. Rc1 cxd4 7. Nxd4 Nc6 8. e3 Be7 9. Be2 d5 10. 0-0 Bd7 11. cxd5 Nxd5 12. Bxe7 Ndxe7 13. Ndb5 Ne5 14. Qd6 Bxb5 15. Nxb5 Qxd6 16. Nxd6 Rfd8 17. Rfd1 Nd5 18. Nc4 Nxc4 19. Rxc4 Nb6 20. Rb4 Rxd1+ 21. Bxd1 Rc8 22. Kf1 Rc1 23. Ke2 Rc7 24. Rd4 Kf8 25. f4 Ke7 26. Kd3 Nc8 27. Bf3 Nd6 28. Rb4 b6 29. Ra4 a5 30. Ra3 f6 31. Rc3 Rxc3+ 32. Kxc3 e5 33. fxe5 fxe5 34. b4 axb4+ 35. Kxb4 h6 36. Kc3 Kf6 37. Kd3 Ke6 38. Bc6 Kf6 39. Bd5 Kf5 40. Bc6 Kf6 41. g3 Ke6 42. e4 1/2-1/2

[Event "Lvov Vasylyshyn Memorial-A 18th"]
[Site "Lvov"]
[Date "2021.12.07"]
[Round "4"]
[White "Polulikh, Bogdan"]
[Black "Samunenkov, Igor"]
[Result "1/2-1/2"]
[WhiteElo "2297"]
[BlackElo "2369"]
[PlyCount "102"]
[EventDate "2021.12.04"]
[EventType "tourn"]
[EventRounds "9"]
[EventCountry "UKR"]
[EventCategory "6"]
[SourceTitle "CBM 205 Extra"]
[Source "ChessBase"]
[SourceDate "2022.01.31"]
[SourceVersion "1"]
[SourceVersionDate "2022.01.31"]
[SourceQuality "1"]

1. d4 Nf6 2. c4 e6 3. Nc3 Bb4 4. e3 0-0 5. Nge2 Re8 6. a3 Bf8 7. Ng3 d5 8. Be2 b6 9. 0-0 Bb7 10. cxd5 exd5 11. b4 Nbd7 12. Qb3 c6 13. Bf3 Bd6 14. Re1 Nf8 15. e4 Bxg3 16. hxg3 Ne6 17. Be3 dxe4 18. Nxe4 Nd5 19. Rad1 Qc7 20. Ng5 Nxe3 21. Qxe3 h6 22. Nxe6 Rxe6 23. Qc3 Rxe1+ 24. Rxe1 Qd7 25. Qe3 Kf8 26. Qf4 Rd8 27. Bg4 Qd6 28. Qe4 g6 29. Qe3 Kg7 30. Qe7 Qxe7 31. Rxe7 Rxd4 32. Be6 Rd1+ 33. Kh2 Kf6 34. Rxf7+ Kxe6 35. Rxb7 Rd7 36. Rxd7 Kxd7 37. g4 c5 38. bxc5 b5 39. f4 Kc6 40. Kg3 a5 41. Kf2 Kxc5 42. Ke2 Kd5 43. Kd3 h5 44. gxh5 gxh5 45. g3 Ke6 46. Ke4 Kf6 47. Kd4 Kf5 48. Kc5 b4 49. axb4 axb4 50. Kxb4 h4 51. gxh4 Kxf4 1/2-1/2

[Event "Vinnytsia IM"]
[Site "Vinnytsia"]
[Date "2021.10.28"]
[Round "5"]
[White "Muha, Sergey"]
[Black "Polulikh, Bogdan"]
[Result "1/2-1/2"]
[WhiteElo "2176"]
[BlackElo "2293"]
[PlyCount "95"]
[EventDate "2021.10.26"]
[EventType "tourn"]
[EventRounds "9"]
[EventCountry "UKR"]
[EventCategory "3"]
[SourceTitle "CBM 204 Extra"]
[Source "ChessBase"]
[SourceDate "2021.11.30"]
[SourceVersion "1"]
[SourceVersionDate "2021.11.30"]
[SourceQuality "1"]

1. d4 Nf6 2. c4 e6 3. Nc3 Bb4 4. e3 0-0 5. Nge2 Re8 6. a3 Bf8 7. d5 a5 8. g3 Na6 9. b3 Nc5 10. Bg2 d6 11. 0-0 exd5 12. cxd5 Bf5 13. Nd4 Be4 14. Nxe4 Ncxe4 15. Ne2 c6 16. dxc6 bxc6 17. Bb2 d5 18. Rb1 Rb8 19. Qc2 Qb6 20. Bd4 c5 21. Ba1 Rbd8 22. Rbd1 Ng4 23. Bxe4 dxe4 24. Rxd8 Qxd8 25. Rd1 Qc8 26. Nf4 Nh6 27. Bc3 Qa8 28. Nd5 Qa7 29. a4 Nf5 30. Nf4 Qa8 31. Rd5 Nh6 32. h3 f6 33. Rd7 Nf7 34. Qd1 Ne5 35. Bxe5 Rxe5 36. Qc2 Qa6 37. Qc4+ Qxc4 38. bxc4 Re8 39. Rb7 Bd6 40. Nd5 Rb8 41. Rxb8+ Bxb8 42. g4 Be5 43. f4 exf3 44. Kf2 Kf7 45. Kxf3 Ke6 46. Ke4 g6 47. Nf4+ Bxf4 48. exf4 1/2-1/2

[Event "UKR-chT"]
[Site "Lvov"]
[Date "2021.05.09"]
[Round "4.1"]
[White "Brodsky, Michail"]
[Black "Polulikh, Bogdan"]
[Result "1/2-1/2"]
[WhiteElo "2524"]
[BlackElo "2270"]
[PlyCount "132"]
[EventDate "2021.05.06"]
[EventType "team-tourn"]
[EventRounds "7"]
[EventCountry "UKR"]
[SourceTitle "EXT 2022"]
[Source "ChessBase"]
[SourceDate "2021.10.06"]
[SourceVersion "1"]
[SourceVersionDate "2021.10.06"]
[SourceQuality "1"]
[WhiteTeam "Kharkov Law Academy"]
[BlackTeam "Lvov Chess School Debiut"]
[WhiteTeamCountry "UKR"]
[BlackTeamCountry "UKR"]

1. d4 d5 2. c4 e6 3. Nc3 Nf6 4. cxd5 exd5 5. Bg5 c6 6. e3 Be7 7. Bd3 Nbd7 8. Qc2 Nh5 9. Bxe7 Qxe7 10. Nge2 Nhf6 11. 0-0 0-0 12. Ng3 Re8 13. Rfe1 Nf8 14. f3 Bd7 15. Rad1 Rad8 16. h3 c5 17. dxc5 Qxc5 18. Qf2 Qb6 19. Bb1 Bc8 20. Na4 Qa5 21. b3 Re7 22. Ne2 Rde8 23. Nd4 Ng6 24. Bxg6 hxg6 25. Rc1 Nd7 26. Rc2 Ne5 27. Rd1 Qa6 28. Qd2 Qf6 29. Nc3 Rd7 30. Rdc1 Rdd8 31. Nxd5 Qh4 32. e4 Be6 33. Nc7 Rf8 34. Qe3 Bxh3 35. f4 Bxg2 36. Rxg2 Rxd4 37. fxe5 Rxe4 38. Qg3 Qxg3 39. Rxg3 Rxe5 40. Rd3 f6 41. Kf2 Re7 42. Nd5 Rd7 43. Rc7 Rxc7 44. Nxc7 Rf7 45. Rd8+ Kh7 46. Nb5 a6 47. Nd4 g5 48. a4 Kg6 49. Rd6 Kh5 50. Rd5 Kg4 51. b4 Kf4 52. Ne6+ Ke4 53. Rd6 g4 54. Kg3 Ke3 55. Kxg4 f5+ 56. Kh3 f4 57. Ng5 Rf6 58. Re6+ Rxe6 59. Nxe6 f3 60. Nxg7 Kd3 61. Nf5 b5 62. axb5 axb5 63. Kg3 Kc4 64. Kxf3 Kxb4 65. Nd4 Kc4 66. Nxb5 Kxb5 1/2-1/2

[Event "Lvov Tradition IM 11"]
[Site "Lvov"]
[Date "2019.11.22"]
[Round "4"]
[White "Kagramanianz, Vartan"]
[Black "Polulikh, Bogdan"]
[Result "1/2-1/2"]
[WhiteElo "2229"]
[BlackElo "2286"]
[PlyCount "80"]
[EventDate "2019.11.20"]
[EventType "tourn"]
[EventRounds "9"]
[EventCountry "UKR"]
[EventCategory "1"]
[SourceTitle "CBM 193 Extra"]
[Source "ChessBase"]
[SourceDate "2020.01.31"]
[SourceVersion "1"]
[SourceVersionDate "2020.01.31"]
[SourceQuality "1"]

1. d4 Nf6 2. Bf4 g6 3. Nc3 Bg7 4. Qd2 h6 5. e4 c5 6. d5 Qb6 7. Bxb8 Rxb8 8. e5 Nxd5 9. Nxd5 Qxb2 10. Rd1 Qxe5+ 11. Be2 e6 12. Ne3 Qb2 13. Nc4 Qc3 14. Nf3 d5 15. Nd6+ Ke7 16. Nxc8+ Rhxc8 17. 0-0 Qxd2 18. Nxd2 b5 19. f4 c4 20. Nf3 Bc3 21. g4 Rc6 22. f5 gxf5 23. gxf5 Ra6 24. fxe6 fxe6 25. Nd4 Rxa2 26. Nc6+ Kd6 27. Nxb8 Rxc2 28. Rf3 a5 29. Re3 a4 30. Bg4 e5 31. Rh3 Bd2 32. Na6 e4 33. Rh5 Rb2 34. Rf1 Bc3 35. Rff5 a3 36. Rxh6+ Ke7 37. Rh7+ Kd6 38. Rh6+ Ke7 39. Rh7+ Kd6 40. Rh6+ Ke7 1/2-1/2

[Event "Lvov Tradition IM 11"]
[Site "Lvov"]
[Date "2019.11.20"]
[Round "1"]
[White "Shpanko, Nadiia"]
[Black "Polulikh, Bogdan"]
[Result "0-1"]
[WhiteElo "2207"]
[BlackElo "2286"]
[PlyCount "96"]
[EventDate "2019.11.20"]
[EventType "tourn"]
[EventRounds "9"]
[EventCountry "UKR"]
[EventCategory "1"]
[SourceTitle "CBM 193 Extra"]
[Source "ChessBase"]
[SourceDate "2020.01.31"]
[SourceVersion "1"]
[SourceVersionDate "2020.01.31"]
[SourceQuality "1"]

1. d4 Nf6 2. c4 g6 3. Nc3 d5 4. cxd5 Nxd5 5. Bd2 Bg7 6. Nf3 0-0 7. e3 c5 8. Qb3 Nxc3 9. Bxc3 Be6 10. Bc4 cxd4 11. Nxd4 Bxc4 12. Qxc4 Qc8 13. Qb4 Nc6 14. Nxc6 Qxc6 15. 0-0 Bxc3 16. bxc3 Rfe8 17. Rab1 b6 18. Rfd1 Rac8 19. Rd3 Qc4 20. Qxc4 Rxc4 21. Rb4 Rec8 22. Rxc4 Rxc4 23. Kf1 e5 24. f3 e4 25. fxe4 Rxe4 26. Ke2 Rg4 27. g3 Ra4 28. Rd2 Kf8 29. Kd3 Ke7 30. e4 Ke6 31. Rf2 f6 32. Rb2 h6 33. Rf2 b5 34. Rb2 a6 35. Rf2 Ke5 36. h4 h5 37. Re2 f5 38. exf5+ Kxf5 39. Ke3 Re4+ 40. Kf3 Rxe2 41. Kxe2 Ke4 42. a3 a5 43. Kd2 Kf3 44. Kd3 Kxg3 45. a4 bxa4 46. c4 Kf4 47. Kd4 a3 48. Kc3 a4 0-1

[Event "Lvov Tradition IM-B 16th"]
[Site "Lvov"]
[Date "2017.09.29"]
[Round "7"]
[White "Polulikh, Bogdan"]
[Black "Punin, Andrii"]
[Result "1/2-1/2"]
[WhiteElo "2165"]
[BlackElo "2252"]
[PlyCount "60"]
[EventDate "2017.09.26"]
[EventType "tourn"]
[EventRounds "9"]
[EventCountry "UKR"]
[EventCategory "1"]
[SourceTitle "EXT 2018"]
[Source "ChessBase"]
[SourceDate "2017.10.13"]
[SourceVersion "1"]
[SourceVersionDate "2017.10.13"]
[SourceQuality "1"]

1. d4 Nf6 2. Nf3 d5 3. c4 e6 4. Nc3 Bb4 5. e3 0-0 6. Bd2 c5 7. a3 Bxc3 8. Bxc3 Ne4 9. cxd5 Qxd5 10. Rc1 Bd7 11. Be2 Nxc3 12. Rxc3 cxd4 13. Qxd4 Qxd4 14. Nxd4 Nc6 15. Bb5 Rfc8 16. Nxc6 bxc6 17. Ba4 Rcb8 18. Bxc6 Bxc6 19. Rxc6 Rxb2 20. 0-0 Rab8 21. g3 g6 22. Rc7 Ra2 23. Rxa7 Rb3 24. a4 Rba3 25. Rd1 Rxa4 26. Rxa4 Rxa4 27. h4 h5 28. Kg2 Kg7 29. Rb1 Ra2 30. Rb7 Kf6 1/2-1/2

[Event "Lvov Tradition IM-B 16th"]
[Site "Lvov"]
[Date "2017.09.28"]
[Round "5"]
[White "Bogdanov, Egor"]
[Black "Polulikh, Bogdan"]
[Result "1/2-1/2"]
[WhiteElo "2328"]
[BlackElo "2165"]
[PlyCount "80"]
[EventDate "2017.09.26"]
[EventType "tourn"]
[EventRounds "9"]
[EventCountry "UKR"]
[EventCategory "1"]
[SourceTitle "EXT 2018"]
[Source "ChessBase"]
[SourceDate "2017.10.13"]
[SourceVersion "1"]
[SourceVersionDate "2017.10.13"]
[SourceQuality "1"]

1. e4 e5 2. Nf3 Nf6 3. Nc3 Bb4 4. Bc4 0-0 5. 0-0 d6 6. d3 h6 7. Ne2 Nc6 8. c3 Ba5 9. b4 Bb6 10. a4 a5 11. b5 Ne7 12. Ng3 Ng6 13. d4 exd4 14. cxd4 d5 15. exd5 Nxd5 16. Ne5 Nxe5 17. dxe5 Be6 18. Qb3 Bd4 19. Bb2 Bxb2 20. Qxb2 Nb6 21. Be2 Qh4 22. f4 Rfd8 23. Qc3 Nd5 24. Qf3 f5 25. exf6 Qxf6 26. Rad1 Nc3 27. Rxd8+ Rxd8 28. Qxb7 Qd4+ 29. Kh1 Nxe2 30. Nxe2 Qc4 31. Qf3 Rd2 32. Re1 Bd5 33. Qe3 Qc2 34. f5 Kh7 35. f6 gxf6 36. Qe7+ Kg8 37. Ng3 Rd1 38. Qe8+ Kh7 39. Qd7+ Kh8 40. Qe8+ Kh7 1/2-1/2

[Event "Lvov Tradition IM-B 16th"]
[Site "Lvov"]
[Date "2017.09.27"]
[Round "3"]
[White "Lagashin, Pavel"]
[Black "Polulikh, Bogdan"]
[Result "0-1"]
[WhiteElo "2138"]
[BlackElo "2165"]
[PlyCount "48"]
[EventDate "2017.09.26"]
[EventType "tourn"]
[EventRounds "9"]
[EventCountry "UKR"]
[EventCategory "1"]
[SourceTitle "EXT 2018"]
[Source "ChessBase"]
[SourceDate "2017.10.13"]
[SourceVersion "1"]
[SourceVersionDate "2017.10.13"]
[SourceQuality "1"]

1. d4 d5 2. c4 c6 3. cxd5 cxd5 4. Bf4 Nf6 5. Nc3 a6 6. e3 Nc6 7. Be2 Bf5 8. g4 Bd7 9. g5 Ne4 10. Qb3 e6 11. Nxe4 dxe4 12. a3 Na5 13. Qa2 Bc6 14. Rc1 Bd5 15. Qb1 Rc8 16. b4 Nc4 17. Bxc4 Bxc4 18. Ne2 a5 19. Rg1 axb4 20. axb4 Qb6 21. b5 Ba3 22. Rc2 0-0 23. Qa1 Qa5+ 24. Kf1 Bxe2+ 0-1

[Event "UKR-ch U20"]
[Site "Lvov"]
[Date "2017.02.28"]
[Round "9"]
[White "Bakhmatsky, Vladislav"]
[Black "Polulikh, Bogdan"]
[Result "1-0"]
[WhiteElo "2444"]
[BlackElo "2252"]
[PlyCount "105"]
[EventDate "2017.02.21"]
[EventType "swiss"]
[EventRounds "9"]
[EventCountry "UKR"]
[SourceTitle "CBM 177 Extra"]
[Source "ChessBase"]
[SourceDate "2017.04.27"]
[SourceVersion "1"]
[SourceVersionDate "2017.04.27"]
[SourceQuality "1"]

1. e4 e5 2. Nf3 Nf6 3. d4 Nxe4 4. Bd3 d5 5. dxe5 Nc5 6. Be2 Be7 7. 0-0 0-0 8. Be3 Re8 9. Nbd2 Nc6 10. Nb3 Nxb3 11. axb3 Bf8 12. Bg5 Qd7 13. Bb5 Qe6 14. Re1 Bd7 15. c4 dxc4 16. Bxc4 Qf5 17. h3 h5 18. Bd3 Qe6 19. Bh4 Be7 20. Ng5 Bxg5 21. Bxg5 Nxe5 22. Qxh5 Nxd3 23. Rxe6 Rxe6 24. Rd1 Rd6 25. Qf3 Ne5 26. Qe2 Bb5 27. Qxb5 Rxd1+ 28. Kh2 Nd3 29. Qxb7 Re8 30. Be3 Ne5 31. Qxc7 Rd7 32. Qc3 f6 33. b4 Ree7 34. Qc8+ Kh7 35. Qc2+ Kg8 36. Bc5 Re8 37. Qf5 Red8 38. h4 Kf7 39. f4 g6 40. Qc2 Ng4+ 41. Kh3 Rd3+ 42. g3 f5 43. Qe2 R8d7 44. h5 Rd2 45. Qc4+ Kg7 46. Bg1 gxh5 47. Qe6 Rf7 48. Kh4 Rd1 49. Bc5 Nf6 50. Kh3 Rd2 51. Bd6 Kg6 52. Be7 Rxb2 53. Bxf6 1-0

[Event "UKR-ch U20"]
[Site "Lvov"]
[Date "2017.02.23"]
[Round "3"]
[White "Polulikh, Bogdan"]
[Black "Lisniak, Vladislav"]
[Result "1/2-1/2"]
[WhiteElo "2252"]
[BlackElo "2064"]
[PlyCount "109"]
[EventDate "2017.02.21"]
[EventType "swiss"]
[EventRounds "9"]
[EventCountry "UKR"]
[SourceTitle "CBM 177 Extra"]
[Source "ChessBase"]
[SourceDate "2017.04.27"]
[SourceVersion "1"]
[SourceVersionDate "2017.04.27"]
[SourceQuality "1"]

1. d4 Nf6 2. Nf3 d5 3. c4 e6 4. Nc3 Nbd7 5. Bf4 Bb4 6. a3 Bxc3+ 7. bxc3 b6 8. cxd5 exd5 9. e3 0-0 10. Bd3 Bb7 11. 0-0 Qe7 12. Ne5 c5 13. Nxd7 Nxd7 14. Qh5 Nf6 15. Qh4 Rfe8 16. Bg5 h6 17. Bxf6 Qxf6 18. Qxf6 gxf6 19. dxc5 bxc5 20. Rab1 Bc6 21. Bb5 Re6 22. h3 Rb8 23. Bxc6 Rxb1 24. Rxb1 Rxc6 25. Rb8+ Kg7 26. Rd8 Ra6 27. Rxd5 Rxa3 28. Rxc5 Ra2 29. g4 a5 30. Kg2 a4 31. Ra5 Rc2 32. Rxa4 Rxc3 33. Ra5 Kg6 34. Kg3 Rc4 35. h4 Rb4 36. Rd5 Ra4 37. Rd4 Ra1 38. Kf4 Ra2 39. f3 Rh2 40. h5+ Kg7 41. Kf5 Rf2 42. f4 Ra2 43. e4 Ra5+ 44. Rd5 Ra1 45. e5 fxe5 46. Rxe5 Rb1 47. Rc5 Ra1 48. Rd5 Rb1 49. Rd4 Rb5+ 50. Ke4 Rb1 51. Ke5 Rb5+ 52. Kd6 Ra5 53. Ke7 Ra7+ 54. Rd7 Ra4 55. g5 1/2-1/2

[Event "Lvov Tradition IM 01"]
[Site "Lvov"]
[Date "2017.01.24"]
[Round "2"]
[White "Golubka, Petr"]
[Black "Polulikh, Bogdan"]
[Result "1/2-1/2"]
[WhiteElo "2413"]
[BlackElo "2178"]
[PlyCount "60"]
[EventDate "2017.01.23"]
[EventType "tourn"]
[EventRounds "9"]
[EventCountry "UKR"]
[EventCategory "1"]
[SourceTitle "CBM 176 Extra"]
[Source "ChessBase"]
[SourceDate "2017.03.02"]
[SourceVersion "1"]
[SourceVersionDate "2017.03.02"]
[SourceQuality "1"]

1. e4 e5 2. Nf3 Nf6 3. d3 Nc6 4. Be2 d5 5. Nbd2 dxe4 6. dxe4 Bc5 7. 0-0 0-0 8. c3 a5 9. Bb5 Bd7 10. a3 Qe7 11. Rb1 Rfd8 12. b4 axb4 13. axb4 Bb6 14. Qc2 Nd4 15. Nxd4 exd4 16. Bxd7 Rxd7 17. cxd4 Bxd4 18. h3 Qe6 19. Rb3 Re8 20. Re1 Qb6 21. Nf3 Rde7 22. Rd3 c5 23. bxc5 Bxc5 24. e5 Nd7 25. Bf4 Nf8 26. Bg5 Rd7 27. Red1 Rxd3 28. Rxd3 Ne6 29. Be3 Bxe3 30. Rxe3 Nd4 1/2-1/2